| 000 | 00732cam a2200241 a 4500 | ||
|---|---|---|---|
| 999 |
_c400 _d400 |
||
| 001 | .b25258941 | ||
| 003 | OSt | ||
| 005 | 20190809102208.0 | ||
| 008 | 141021r20142013ctua 001 0 eng | ||
| 010 | _a2013024200 | ||
| 020 |
_a9780300205312 _q(pbk.) : |
||
| 040 |
_aDLC _beng _cDLC _erda _dDLC _dTWWZU |
||
| 042 | _anbic | ||
| 082 | 0 | _a809 SUT | |
| 100 | 1 |
_aSutherland, John, _d1938- _eauthor |
|
| 245 | 1 | 2 |
_aA little history of literature / _cJohn Sutherland. |
| 260 |
_aNew Haven ; _aLondon : _bYale University Press, _c2014, c2013. |
||
| 300 |
_avii, 275 p. : _bill. ; _c22 cm. |
||
| 500 | _aFirst published in paperback in 2014. | ||
| 500 | _aIncludes index. | ||
| 650 | 0 |
_aLiterature _xHistory and criticism. |
|
| 942 |
_2ddc _cNFIC |
||